| 000 | 01984 a2200205 4500 | ||
|---|---|---|---|
| 001 | 4480 | ||
| 005 | 20260407155436.0 | ||
| 008 | 260407a1961 arg spa d | ||
| 003 | AR-UNSa-BCEJYS | ||
| 040 |
_aAR-UNSa-BCEJYS _bspa _cAR-UNSa-BCEJYS |
||
| 080 |
_a658 _xAdministración de empresas. Organización comercial |
||
| 245 | 1 | 0 | _aPrincipios de administración |
| 264 | 1 |
_aMéxico : _bCECSA (Compañia Editorial Continental) _c1961 |
|
| 300 |
_a879 p. _c22 cm. |
||
| 505 | _a1. Conceptos básicos de la administración - 2. Objetivos de la administración - 3. Cambio e innovación en la administración - 4. Toma de decisiones administrativas - 5. Escuelas de pensamiento administrativo - 6. La administración como proceso - 7. La planeación administrativa - 8. Premisas y restricciones de la planeación - 9. Categorías administrativas de la planeación - 10. Planeación a corto plazo y a largo plazo - 11. Ejecución de la planeación administrativa - 12. Perspectiva y conceptos de la administración - 13. División por departamentos y aplicación de los recursos humanos - 14. Autoridad administrativa - 15. Relaciones de la organización - 16. Dinámica de la organización - 17. Conceptos modernos de la ejecución en la administración - 18. Dirección administrativa - 19. La comunidad en la administración - 20. Evaluación y preparación de los miembros ejecutivos - 21. La compensación - 22. Control administrativo - 23. Controles generales y auditorías administrativas - 24. Control de cantidad y calidad - 25. Control del uso y costo del tiempo - 26. Control del presupuesto - 27. Administración de la mercadotecnia - 28. Administración de la producción - 29. Administración financiera - 30. Administración de personal - 31. Administración de oficinas | ||
| 942 | _cBK | ||
| 590 | _aniveau_biblio:m niveau_hierar:0 | ||
| 100 | 1 | _aTerry, George R. | |
| 856 | 4 | 1 |
_uhttps://www.biblioeco.unsa.edu.ar/pmb/images/libros/L21340.jpg _yImagen de portada _qimage/jpeg |
| 999 |
_c434 _d434 |
||